ADVANCED DIFFERENTIAL CALCULAS (Record no. 5577)

MARC details
000 -LEADER
fixed length control field 00376nam a22001577a 4500
005 - DATE AND TIME OF LATEST TRANSACTION
control field 20180519145735.0
008 - FIXED-LENGTH DATA ELEMENTS--GENERAL INFORMATION
fixed length control field 170916b xxu||||| |||| 00| 0 eng d
020 ## - INTERNATIONAL STANDARD BOOK NUMBER
ISBN 978-81-8283-753-9
041 ## - LANGUAGE CODE
Language code of text/sound track or separate title eng
082 ## - DEWEY DECIMAL CLASSIFICATION NUMBER
Classification number 515.3
100 ## - MAIN ENTRY--AUTHOR NAME
Personal name SHARMA, J.N.
245 ## - TITLE STATEMENT
Title ADVANCED DIFFERENTIAL CALCULAS
260 ## - PUBLICATION, DISTRIBUTION, ETC. (IMPRINT)
Place of publication MEERUT
Name of publisher KRISHNA PRAKASHAN
300 ## - PHYSICAL DESCRIPTION
Number of Pages 242p.
942 ## - ADDED ENTRY ELEMENTS (KOHA)
Koha item type Books
Holdings
Lost status Damaged status Collection code Home library Current library Shelving location Date acquired Source of acquisition Cost, normal purchase price Full call number Accession Number Koha item type
    CS/IT JRU Library   SHELF-57-C 16/09/2017 PURCHESS 160.00 515.3 21953 Books
    CS/IT JRU Library JRU Library SHELF-57-C 16/09/2017 PURCHESS 160.00 515.3 21954 Books
    CS/IT JRU Library   SHELF-57-C 16/09/2017 PURCHESS 160.00 515.3 21955 Books
    CS/IT JRU Library   SHELF-57-C 16/09/2017 PURCHESS 160.00 515.3 21956 Books
    CS/IT JRU Library   SHELF-57-C 16/09/2017 PURCHESS 160.00 515.3 21957 Books